Las bibliotecas escolares de la comunidad Valenciana en 1991 (Record no. 63324)

MARC details
000 -CABECERA
campo de control de longitud fija 00607nam a2200193 a 4500
005 - FECHA Y HORA DE LA ÚLTIMA TRANSACCIÓN
campo de control 20210219152909.0
008 - ELEMENTOS DE LONGITUD FIJA--INFORMACIÓN GENERAL
campo de control de longitud fija 991125n 000 0 spa u
035 ## - NÚMERO DE CONTROL DEL SISTEMA
Número de control de sistema UPN01000066137
100 1# - ASIENTO PRINCIPAL--NOMBRE PERSONAL
Nombre de persona Martínez Auñón, María Luz
222 ## - TÍTULO CLAVE
Título clave EDUCACION Y BIBLIOTECA :
Información calificativa REVISTA MENSUAL DE DOCUMENTACION Y RECURSOS DIDACTICOS
245 ## - MENCIÓN DE TÍTULO
Título Las bibliotecas escolares de la comunidad Valenciana en 1991
300 ## - DESCRIPCIÓN FÍSICA
Extensión 6-7
362 0# - FECHAS DE PUBLICACIÓN Y/O DESIGNACIÓN SECUENCIAL
Fecha de publicación y/o designación secuencial 1991 Año 3, no. 16, abr.
653 0# - TERMINO DE INDIZACION - NO CONTROLADO
Término no controlado BIBLIOTECAS ESCOLARES
653 0# - TERMINO DE INDIZACION - NO CONTROLADO
Término no controlado EDUCACION BASICA
653 0# - TERMINO DE INDIZACION - NO CONTROLADO
Término no controlado VALENCIA, ESPAÑA
904 ## - ELEMENTOS DE DATOS D LOCAL, LDD (RLIN)
a AC
b 003948
905 ## - TIPO DE MATERIAL
Tipo de material Articulo

No items available.